| 000 | 00366nam a2200145 a 4500 | ||
|---|---|---|---|
| 001 | 1308 | ||
| 003 | CDMR | ||
| 005 | 20130116135208.0 | ||
| 008 | 130130s1963||||||||||||||||||||||||||||d | ||
| 040 |
_aCDMR _bcat _cCDMR |
||
| 100 | 1 |
_aSiebert, Fred Seaton _91021 |
|
| 245 | 1 | 0 | _aFour theories of the press |
| 260 |
_aUrbana _c1963 _bUniversity of Illinois Press |
||
| 942 | _cMON | ||
| 999 |
_c1308 _d1308 |
||